000
00303nam a22001337a 4500
008
181101b xxu||||| |||| 00| 0 eng d
020
_a
9781933478197
041
_a
eng
080
_a
316
100
_a
50
101
_a
SOC
245
_a
Social Work in a Sustainable World
_c
Mary,N.L
942
_2
udc
_c
BK
999
_c
51448
_d
51448